Genetically improved varieties of pleurotus pulmonarius (FRIES) quelet by molecular and breeding techniques /
Saved in:
| 主要作者: | |
|---|---|
| 格式: | Thesis 圖書 |
| 語言: | English |
| 出版: |
2014
|
| 主題: | |
| 標簽: |
添加標簽
沒有標簽, 成為第一個標記此記錄!
|
| LEADER | 01258cam a2200313 i 4500 | ||
|---|---|---|---|
| 001 | u1009730 | ||
| 003 | SIRSI | ||
| 005 | 201502041721 | ||
| 008 | 150204s2014 my a m 000 0 eng | ||
| 040 | |a UMM |d UM |e rda | ||
| 090 | |a TP248.15 |b UMP 2014 Avi | ||
| 100 | 1 | |a Avin, Farhat Ahmadi | |
| 245 | 1 | 0 | |a Genetically improved varieties of pleurotus pulmonarius (FRIES) quelet by molecular and breeding techniques / |c Farhat Ahmadi Avin |
| 264 | 1 | |c 2014 | |
| 264 | 4 | |c 2014 | |
| 300 | |a xxvi, 280 leaves : |b illustrations ; |c 30 cm | ||
| 336 | |a text |2 rdacontent | ||
| 337 | |a unmediated |2 rdamedia | ||
| 338 | |a volume |2 rdacarrier | ||
| 502 | |b Ph.D. |c Institut Sains Biologi, Fakulti Sains, Universiti Malaya |d 2014. | ||
| 504 | |a Bibliography: leaves 184-218 | ||
| 530 | |a Issued also in CD. | ||
| 650 | 0 | |a Mushroom culture |z Malaysia | |
| 650 | 0 | |a Edible mushrooms |z Malaysia | |
| 710 | 2 | |a Universiti Malaya. |b Institut Sains Biologi, |e degree granting institution. | |
| 900 | |a NSR | ||
| 596 | |a 1 25 | ||
| 999 | |a TP248.15 UMP 2014 AVI |w LC |c 1 |i A516126033 |d 14/4/2016 |f 14/4/2016 |g 1 |l STACKS |m P01UTAMA |r Y |s Y |t TESIS |u 13/4/2016 |1 STEM | ||
| 999 | |a TP248.15 UMP 2014 AVI |w LC |c 1 |i A517298975 |f 22/12/2022 |g 1 |l STACKS |m P25UMARCHI |r N |s Y |t CD |u 21/12/2022 |1 STEM |o .STAFF. MST-CD1573 | ||
